LIBRARY & INFORMATION CENTRE, KCAET, TAVANUR

ONLINE PUBLIC ACCESS CATALOGUE (OPAC)

Textbook of agricultural statistics / (Record no. 1600)

MARC details
000 -LEADER
fixed length control field 00457cam a2200181ua 4500
003 - CONTROL NUMBER IDENTIFIER
control field OSt
008 - FIXED-LENGTH DATA ELEMENTS--GENERAL INFORMATION
fixed length control field 230506b |||||||| |||| 00| 0 eng d
020 ## - INTERNATIONAL STANDARD BOOK NUMBER
ISBN 81-224-0758-7
020 ## - INTERNATIONAL STANDARD BOOK NUMBER
ISBN 9789395161510
041 ## - LANGUAGE CODE
Language code of text/sound track or separate title eng
082 ## - DEWEY DECIMAL CLASSIFICATION NUMBER
Classification number 630.51
Item number RAN/TE
100 ## - MAIN ENTRY--AUTHOR NAME
Personal name Rangaswamy, R .
245 ## - TITLE STATEMENT
Title Textbook of agricultural statistics /
250 ## - EDITION STATEMENT
Edition statement 1 /
260 ## - PUBLICATION, DISTRIBUTION, ETC. (IMPRINT)
Place of publication New Delhi :
Name of publisher New Age International Ltd ,
Year of publication 1995.
300 ## - PHYSICAL DESCRIPTION
Number of Pages 488 ; .
942 ## - ADDED ENTRY ELEMENTS (KOHA)
Koha item type Books
Holdings
Withdrawn status Lost status Damaged status Home library Current library Date acquired Full call number Accession Number Koha item type Shelving location Source of acquisition Cost, normal purchase price
      KAUAET KAUAET 07/04/2012 630.51 RAN/TE 19932 Books      
      KAUAET KAUAET 07/04/2012 630.51 RAN/TE 20516 Books      
      KAUAET KAUAET 15/09/2018 630.2195 RAH/TE 20186 Book Bank scheme for SC students Scheme    
      KAUAET KAUAET 15/09/2018 630.2195 RAH/TE 20187 Book Bank scheme for SC students Scheme    
      KAUAET KAUAET 23/03/2023 630.51 RAN/TE 26187 Books General Stacks EEDEEYOU Manjeri 499.00
      KAUAET KAUAET 23/03/2023 630.51 RAN/TE 26188 Books General Stacks EEDEEYOU Manjeri 499.00
      KAUAET KAUAET 31/03/2023 630.51 RAN/TE BB 661 Book Bank scheme for SC students Scheme EEDEEYOU Manjeri 499.00
free website counter